Métodos de investigación del comportamiento /

Tallennettuna:
Bibliografiset tiedot
Päätekijä: Cozby, Paul C. (autor)
Aineistotyyppi: Kirja
Kieli:espanja
Julkaistu: México : McGraw-Hill, 2005, c2005
Painos:8a edición
Aiheet:
Tagit: Lisää tagi
Ei tageja, Lisää ensimmäinen tagi!

MARC

LEADER 00000nam^a2200000^a^4500
001 000181748
005 20250521000000.0
009 20260310101942.787
020 |a 970-10-4825-3 
037 |a Acervo ITESO - Biblioteca 
041 |a ESP 
082 |a 150. 724  |b COZ 
100 |a Cozby, Paul C.  |e (autor) 
245 1 0 |a Métodos de investigación del comportamiento /  |c P.C. Cozby ; tr. por Leticia Pineda Ayala. 
250 |a 8a edición 
264 4 |a México :  |b McGraw-Hill,  |c 2005, c2005 
300 |a XIV, 433 p. 
336 |a texto  |b txt  |2 rdacontenido 
337 |a sin mediación  |b n  |2 rdamedio 
338 |a volumen  |b nc  |2 rdasoporte 
649 |a XX 
650 |a Conducta 
650 |a Diseño Experimental 
650 |a Encuesta 
650 |a Medición 
650 |a Estadística 
650 |a Psicología -  |x Investigación 
650 |a Psicología -  |x Metodología 
910 |a Fondo General 
920 |a Impresos - Libros 
930 |a Colección General 
905 |a 101 
901 |a 0500121551  |b IT1  |c ACC  |u 20250521 
902 |a https://opac.biblio.iteso.mx/vufind/Record/000181748